Stati per esportazioni di Carbone - Statistics

Statistiche generali
  • Questo quiz è stato fatto 4 volte
  • Il punteggio medio è 8 su 10
Statistiche sulle risposte
Esportazioni (milioni tonnellate) Continente Nazione % Corretto
366 Oceania Australia
100%
24 Asia Kazakistan
100%
238 Asia / Europa Russia
100%
77 America del Nord Stati Uniti
100%
32 America del Nord Canada
75%
56 America del Sud Colombia
75%
434 Asia Indonesia
75%
20 Asia Mongolia
75%
66 Africa Sudafrica
75%
27 Europa Paesi Bassi
50%
Nessun quiz corrispondente trovato
Distribuzione punteggi
Percentuale di utenti per punteggio
Percentile per numero di risposta
I tuoi punteggi nel tempo
Non hai fatto questo quiz